Latin Roots - Lesson 5 - Statistics

General Stats
  • This quiz has been taken 4 times
  • The average score is 3 of 20
Answer Stats
Hint Answer % Correct
water AQU
100%
to hear, listen AUD
67%
flesh CARN
33%
earth TERR
33%
wave UND
33%
wound VULNER
33%
both, on both sides AM, AMB, AN
0%
arm BRACH
0%
head CAPIT, CIPIT
0%
to punish PEN, POEN, PUN
0%
straight, right, to rule, straighten RECT, REG, RIG
0%
to gnaw ROD, ROS
0%
to break RUMP, RUPT
0%
to loosen, set free SOLV, SOLU, SOLUT
0%
to make up, build STRU, STRUCT
0%
to take up SUM, SUMPT
0%
to touch TANG, TING, TACT, TAG
0%
to cover TEG, TECT
0%
to be strong, worthy VAL, VAIL
0%
to conquer VINC, VICT
0%
No matching quizzes found
Score Distribution
Percent of People with Each Score
Percentile by Number Answered
Your Score History
You have not taken this quiz